Normal view
MARC view
Entry Término temático
001 - NÚMERO DE CONTROL
- campo de control: 15333
003 - IDENTIFICADOR DEL NÚMERO DE CONTROL
- campo de control: FranzMayer
005 - FECHA Y HORA DE LA ÚLTIMA TRANSACCIÓN
- campo de control: 20190320205324.0
008 - DATOS DE LONGITUD FIJA
- campo de control de longitud fija: 190320|| aca||aabn | a|a d
040 ## - FUENTE DE LA CATALOGACIÓN
- Centro catalogador/agencia de origen: FranzMayer
- Centro/agencia transcriptor: FranzMayer
150 ## - ENCABEZAMIENTO--TÉRMINO DE MATERIA
- Término de materia o nombre geográfico como elemento de entrada: Trabajos en madera
- Subdivisión general: Deterioro e identificación
- Subdivisión cronológica: Época colonial, 1521-1821
670 ## - FUENTE DE DATOS ENCONTRADOS
- Cita de la fuente: Work cat.: (FranzMayer): Rivero Weber, Lilia Teresa 15332, Diagnóstico del deterioro e identificación de maderas empleadas para pintura sobre tabla en la época colonial., 1990